Sonderveröffentlichungen der Gesellschaft für Kieler Stadtgeschichte

Saved in:  
Bibliographic Details
Corporate Author: Gesellschaft für Kieler Stadtgeschichte. VerfasserIn (Author)
Format: Print Series/Journal
Language:German
Subito Delivery Service: Order now.
Check availability: HBZ Gateway
WorldCat: WorldCat
Interlibrary Loan:Für eine Fernleihe wählen Sie bitte zuerst einen Band oder Aufsatz aus.
Published: Frankfurt am Main Peter Lang Edition 1973-
Kiel Gesellschaft für Kieler Stadtgeschichte früher
Husum Husum Verlag teils
Kiel Ludwig teils
Heide Boyens teils
Helgoland Knauß teils
Neumünster Wachholtz teils
Husum Husum-Verl. teils
Bielefeld Gütersloh Verl. für Regionalgeschichte teils
Molfsee bei Kiel Schleswig-Holsteinisches Freilichtmuseum teils
Kiel Mühlau teils
In:Year: 1973
Standardized Subjects / Keyword chains:B Kiel / History
B Schleswig-Holstein / Deutschland (boat, 1866-1875)
Further subjects:B Publication series

MARC

LEADER 00000cas a2200000 c 4500
001 167688944
003 DE-627
005 20250715223454.0
007 tu
008 941030c19739999gw z| m| 0 |0ger c
015 |a 07,A25,0041  |2 dnb 
016 7 |a 013128736  |2 DE-101 
016 7 |a 561399-1  |2 DE-600 
022 |a 0174-447X 
035 |a (DE-627)167688944 
035 |a (DE-576)007243952 
035 |a (DE-599)ZDB561399-1 
035 |a (OCoLC)714182523 
040 |a DE-627  |b ger  |c DE-627  |e rakwb 
041 |a ger 
044 |c XA-DE 
082 0 4 |a 943  |q DE-101 
082 0 4 |a 060  |q DE-600 
084 |a 15.50  |2 bkl 
110 2 |e VerfasserIn  |0 (DE-588)2011951-3  |0 (DE-627)10174532X  |0 (DE-576)191665673  |4 aut  |a Gesellschaft für Kieler Stadtgeschichte 
245 1 0 |a Sonderveröffentlichungen der Gesellschaft für Kieler Stadtgeschichte 
247 1 0 |a Sonderveröffentlichung  |f Hauptsacht. teils 
264 3 1 |a Frankfurt am Main  |b Peter Lang Edition  |c 1973- 
264 1 |a Kiel  |b Gesellschaft für Kieler Stadtgeschichte  |c früher 
264 2 1 |a Husum  |b Husum Verlag  |c teils 
264 2 1 |a Kiel  |b Ludwig  |c teils 
264 2 1 |a Heide  |b Boyens  |c teils 
264 2 1 |a Helgoland  |b Knauß  |c teils 
264 2 1 |a Neumünster  |b Wachholtz  |c teils 
264 2 1 |a Husum  |b Husum-Verl.  |c teils 
264 2 1 |a Bielefeld  |a Gütersloh  |b Verl. für Regionalgeschichte  |c teils 
264 2 1 |a Molfsee bei Kiel  |b Schleswig-Holsteinisches Freilichtmuseum  |c teils 
264 2 1 |a Kiel  |b Mühlau  |c teils 
336 |a Text  |b txt  |2 rdacontent 
337 |a ohne Hilfsmittel zu benutzen  |b n  |2 rdamedia 
338 |a Band  |b nc  |2 rdacarrier 
362 0 |a 1.1973 - 
363 0 1 |a 1  |i 1973 
515 |a Ersch. unregelmäßig 
601 |a Gesellschaft 
601 |a Stadtgeschichte 
655 7 |a Monografische Reihe  |0 (DE-588)4179998-7  |0 (DE-627)104628669  |0 (DE-576)209995106  |2 gnd-content 
689 0 0 |d g  |0 (DE-588)4030481-4  |0 (DE-627)106269801  |0 (DE-576)208987711  |2 gnd  |a Kiel 
689 0 1 |q z  |2 gnd  |a Geschichte 
689 0 |5 (DE-627) 
689 1 0 |d g  |0 (DE-588)4052692-6  |0 (DE-627)106171313  |0 (DE-576)209099356  |2 gnd  |a Schleswig-Holstein 
689 1 1 |d g  |0 (DE-588)4011882-4  |0 (DE-627)104704861  |0 (DE-576)208896155  |2 gnd  |a Deutschland 
689 1 |5 (DE-627) 
787 0 8 |i 31 zugl. Repr. von 45 von  |a Gesellschaft für Kieler Stadtgeschichte  |t Mitteilungen der Gesellschaft für Kieler Stadtgeschichte  |d Kiel : Ges. für Kieler Stadtgeschichte, 1877  |w (DE-627)130096520  |w (DE-600)501262-4  |w (DE-576)015629090  |x 0173-0940 
787 0 8 |i Einzelne Bde zugl. Bd. von  |t Nordelbingen  |d Kiel : Universitätsverlag Kiel, Kiel University Publishing, 1923  |w (DE-627)129495514  |w (DE-600)207200-2  |w (DE-576)014893541  |x 0078-1037 
889 |w (DE-603)186202806 
889 |w (DE-627)1739795490 
935 |a BGTS 
935 |i sdedup20221017 
936 b k |a 15.50  |j Schleswig-Holstein  |j Lübeck  |j Hamburg  |x Geschichte  |q ARK  |0 (DE-627)18157151X 
951 |a ST 
ELC |b 1 
ITA |a 1  |t 1 
LOK |0 000 xxxxxcx a22 zn 4500 
LOK |0 001 2057153800 
LOK |0 003 DE-627 
LOK |0 004 167688944 
LOK |0 005 19980905000000 
LOK |0 008 921204||||||||||||||||ger||||||| 
LOK |0 040   |a DE-21  |c DE-627  |d DE-21 
LOK |0 852   |a DE-21 
LOK |0 852 1  |9 00 
LOK |0 935   |a konv 
LOK |0 939   |a 04-12-92  |b l01 
LOK |0 000 xxxxxcx a22 zn 4500 
LOK |0 001 2519976071 
LOK |0 003 DE-627 
LOK |0 004 167688944 
LOK |0 005 20061108112649 
LOK |0 008 061108||||||||||||||||ger||||||| 
LOK |0 040   |a DE-21-52  |c DE-627  |d DE-21-52 
LOK |0 852   |a DE-21-52 
LOK |0 852 1  |m p  |9 00 
LOK |0 938   |k p 
LOK |0 939   |a 08-11-06  |b l01 
LOK |0 000 xxxxxcx a22 zn 4500 
LOK |0 001 2611232296 
LOK |0 003 DE-627 
LOK |0 004 167688944 
LOK |0 005 20091005155240 
LOK |0 008 091005||||||||||||||||ger||||||| 
LOK |0 040   |a DE-21-14  |c DE-627  |d DE-21-14 
LOK |0 852   |a DE-21-14 
LOK |0 852 1  |m p  |9 00 
LOK |0 935   |a i014  |a k014 
LOK |0 938   |k p 
LOK |0 939   |a 05-10-09  |b l01 
LOK |0 000 xxxxxcx a22 zn 4500 
LOK |0 001 304595507X 
LOK |0 003 DE-627 
LOK |0 004 167688944 
LOK |0 005 20190117114726 
LOK |0 008 190117||||||||||||||||ger||||||| 
LOK |0 040   |a DE-21-32b  |c DE-627  |d DE-21-32b 
LOK |0 852   |a DE-21-32b 
LOK |0 852 1  |m p  |9 00 
LOK |0 938   |k p 
LOK |0 939   |a 17-01-19  |b l01 
ORI |a SA-MARC-ixtheob001.raw 
REL |a 1 
SPR |a 1  |t IXT 
STA 0 0 |a Deutschland (boat, 1866-1875),Germany,Germany,Germany,Germany,German Federal Republic (motif),Germany,Germany,Germany,Germany,Germany,Germany,German Democratic Republic,Germany,Federal Republic of Germany,Germany,Germany,Germany,Soviet Occupation Zone,French Occupation Zone,History,History,History in art 
STB 0 0 |a Deutschland (bateau, 1866-1875),Allemagne,Allemagne,République fédérale d'Allemagne (motif),Histoire,Histoire,Histoire 
STC 0 0 |a Alemania,Alemania,Historia,Historia,Historia 
STD 0 0 |a Germania,Germania,Storia,Storia 
STE 0 0 |a 历史,史,德国,德国 
STF 0 0 |a 德國,德國,歷史,史 
STG 0 0 |a Alemanha,Alemanha,História,História 
STH 0 0 |a Германия (ГДР, мотив),Германия (мотив),История (мотив),История 
STI 0 0 |a Γερμανία (ΛΔΓ, μοτίβο),Γερμανία (μοτίβο),Ιστορία (μοτίβο),Ιστορία 
SUB |a REL 
SYG 0 0 |a Gross-Kiel,Landeshauptstadt Kiel,Kiel,Kilia Holsatorum,Kilonum Holsatorum,Chilonium,Chilomium,Kilia,Kiliae Holsatorum,Kilonia,Kylis,Ķīle , History,Geschichtliche Epoche,Historical development,Historische Entwicklung,Landesgeschichte,Regionalgeschichte,Ortsgeschichte,Zeitgeschichte , Schleßwig-Holstein,Sleswig-Holsteen,Slesvig-Holsteen,Slesvig-Holsten,Land de Schleswig-Holstein,Bezirk Schleswig,Herzogthümer Schleswig-Holstein,Zemlja Šlezvig-Gol'štejn,State of Schleswig-Holstein,Provinz Schleswig-Holstein,Herzogtümer Schleswig-Holstein,Herzogthümer Schleswig und Holstein,Herzogtümer Schleswig und Holstein,Land Schleswig-Holstein , DDR,Deutsche Demokratische Republik,Germany,Amerikanische Zone Deutschlands,BRD,Britische Zone Deutschlands,Bundesrepublik Deutschland,Französische Zone Deutschlands,Vereinigtes Wirtschaftsgebiet Deutschlands,BRD,Bundesrepublik Deutschland , Vereinigtes Wirtschaftsgebiet,Bizone,Verwaltung des Vereinigten Wirtschaftsgebietes,Französische Zone,Zone Française d'Occupation,Französische Besatzungszone,ZFO,Britische Zone,British occupation zone,Britische Besatzungszone,British Zone of Control,Britisches Kontrollgebiet,British Element,Britisches Element,Sowjetische Zone,Russische Zone,Sowjetische Besatzungszone,Russische Besatzungszone,Sowjetische Besatzungszone Deutschlands,Sowjetische Besatzungszone in Deutschland,Sowjetisch Besetzte Zone,Sowjetzone,Ostzone,SBZ,Länder,Westliche Bundesländer,Alte Bundesländer,Deutschland,Westdeutschland,Deutschland,Westzonen,Westliche Besatzungszonen,Trizone,Amerikanische Zone,American occupation zone,Amerikanische Besatzungszone,ABZ,United States Area of Control,Amerikanisches Kontrollgebiet,U.S. zone of occupation,United States Zone,U.S. Zone,US-Zone,Östliche Bundesländer,Neue Bundesländer,Länder,Deutschland,Ostdeutschland,Deutschland,Deutschland,Alemanha,Alemania,Allemagne,Almanija,Almāniyā,Bondsrepubliek Duitsland,BRD,BRD,Bundesrepublik Deutschland,Deutschland,Deutschland,Federal Republic of Germany,Förbundsrepubliken Tyskland,Förbundsrepublikken Tyskland,FRG,Germany,Németországi Szövetségi Kőztársaság,Niemiecka Republika Federalna Niemiecka Republika Federalna,NRF,Repubblica Federale di Germania,Republic of Germany,República Federal da Alemanha,República Federal de Alemania,Republik Federasi Djerman,Republika Federalna Niemiec,République Fédérale d'Allemagne,RFN,Saksan Liittotasavalta,Westdeutschland,Deutsche Demokratische Republik,DDR,Deutschland,German Democratic Republic,GDR,République Démocratique Allemande,RDA,Germanskaja Demokratičeskaja Respublika,Demokratičeskaja Respublika,Democratic Republic,Demokratische Republik,Niemiecka Republika Demokratyczna,NRD,Ǧumhūrīyat Almāniyā ad-Dīmuqrāṭīya,República Democrática Alemana,Saksan Demokraattisen Tasavallan,Repubblica Democratica Tedesca,Mitteldeutschland,Ostdeutschland,East Germany,Ostzone,Deutsche Länder,Germany,Heiliges Römisches Reich,Rheinbund,Deutscher Bund,Norddeutscher Bund,Deutsches Reich,Deutschland,Deutschland,BRD,Federal Republic of Germany,Republic of Germany,Allemagne,Ǧumhūrīyat Almāniyā al-Ittiḥādīya,Bundesrepublik Deutschland,BRD,Niemcy,République Fédérale d'Allemagne,Repubblica Federale di Germania,Germanija,Federativnaja Respublika Germanija,FRG,Deyizhi-Lianbang-Gongheguo 
TIM |a 100018650201_100020261231  |b 1865-02-01 - 2026